Loreto College Library, Kolkata
WEBOPAC (ONLINE PUBLIC ACCESS CATALOGUE)

Warfare in ancient India (Record no. 37076)

MARC details
000 -LEADER
fixed length control field 00713nam a2200229Ia 4500
005 - DATE AND TIME OF LATEST TRANSACTION
control field 20221125140943.0
008 - FIXED-LENGTH DATA ELEMENTS--GENERAL INFORMATION
fixed length control field 131103s9999 xx 000 0 und d
020 ## - ISBN | অাই এস বি এন
ISBN | অাই এস বি এন 9.79E+12
PRICE Rs.1050.00
040 ## - CATALOGING SOURCE
Original cataloging agency Loreto College
041 ## - LANGUAGE CODE
Language code English
082 ## - DDC | ডিউই
Classification number | বর্গসংখ্যা 954.01
Book Number | গ্রন্থাঙ্ক THA
100 ## - MAIN ENTRY--PERSONAL NAME | মুখ্য সংলেখ - ব্যাক্তিনাম
Personal name | ব্যাক্তিনাম Thapliyal,Uma Prasad
245 ## - TITLE STATEMENT | অাখ্যা বিবরণী
Title | অাখ্যা Warfare in ancient India
Sub title | উপঅাখ্যা Organizational and operational dimensions
Statement of responsibility | লেখকের দায়িত্বের বিবরণ Uma Prasad Thapliyal
260 ## - IMPRINT | প্রকাশনা ক্ষেত্র
Place of publication | প্রকাশ স্থান New Delhi
Name of publisher | প্রকাশকের নাম Manohar
Date of publication | প্রকাশ কাল 2010
300 ## - PHYSICAL DESCRIPTION |
Page / Vol. No | পৃষ্ঠা / খন্ড সংখ্যা 431p
Other physical details | অনান্য বাহ্যিক বিবরণ ill
504 ## - BIBLIOGRAPHY, ETC. NOTE
Bibliography, etc Includes bibliographical references and index
630 ## - SUBJECT ADDED ENTRY--UNIFORM TITLE
Uniform title Ancient India - History, military
650 ## - SUBJECT ADDED ENTRY--TOPICAL TERM | বিষয় শিরোনাম - মূল বিষয়
Topical term | মূল বিষয় Military history - Ancient India
651 ## - SUBJECT ADDED ENTRY--GEOGRAPHIC NAME | বিষয় শিরোনাম - ভৌগলিক নাম
Geographic name | ভৌগলিক বিষয় India - History,ancient
850 ## - HOLDING INSTITUTION
Holding institution LCLIB
942 ## - ADDED ENTRY ELEMENTS (KOHA)
Koha item type Books
Holdings
Withdrawn status Lost status Source of classification Damaged status Not for loan Home library Current library Date acquired Total Checkouts Full call number Accession No. Date last seen Date checked out Price effective from Koha item type Coded location qualifier
    Dewey Decimal Classification     Loreto College Loreto College 04/11/2013 2 954.01 THA 48440 B40230 08/05/2023 28/04/2023 04/11/2013 Books  
    Dewey Decimal Classification     Loreto College Loreto College 04/11/2013 1 954.01 THA 48658 B40515 25/04/2018 25/04/2018 04/11/2013 Books